Tápüzem Csongrád szélén zöldmezős beruházás /
Elmentve itt :
| Szerző: | |
|---|---|
| Dokumentumtípus: | Cikk |
| Megjelent: |
1997-07-25
|
| Sorozat: | Délmagyarország
87 No. 172 Eu |
| Kulcsszavak: | Csongrád (város), Ipartelepítés állateledel gyártás Csongrád (város), Effem Hungary Kft. |
| Online Access: | http://dmarchiv.bibl.u-szeged.hu/83588 |
| LEADER | 00576nab a2200157 i 4500 | ||
|---|---|---|---|
| 001 | delm83588 | ||
| 005 | 20191017152311.0 | ||
| 008 | 191017s1997 hu o 0|| hun d | ||
| 040 | |a SZTE Délmagyarország Archívum |b hun | ||
| 041 | |a hun | ||
| 100 | 1 | |a Bálint Gyula György | |
| 245 | 1 | 0 | |a Tápüzem Csongrád szélén |h [elektronikus dokumentum] : |b zöldmezős beruházás / |c Bálint Gyula György |
| 260 | |c 1997-07-25 | ||
| 300 | |a 3 | ||
| 490 | 0 | |a Délmagyarország |v 87 No. 172 Eu | |
| 695 | |a Csongrád (város), Ipartelepítés állateledel gyártás Csongrád (város), Effem Hungary Kft. | ||